00527nam a22001697a 450000500170000001000130001702000250003003500130005503700090006808200160007710000230009324500450011626000410016127000810020230000330028350000410031620210401122441.0 aB-738687 a9788123760421c60.00 aB-738687 bGift a338.6340954 aParikh, Geetanjali aHistory of khadi /cby Geetanjali Parikh aNew DelhibNational Book Trustc2011 aNehru Bhawan, 5 Institutional Area, Phase-II, Vasant KunjbNew Delhie110070 aviii, 90p.:bill.c21cm(pbk) aincludes bibliographical references